LIBRARY & INFORMATION CENTRE, KCAET, TAVANUR

ONLINE PUBLIC ACCESS CATALOGUE (OPAC)

Irrigation principles and practices (Record no. 13988)

MARC details
000 -LEADER
fixed length control field 00293nam a22001217a 4500
020 ## - INTERNATIONAL STANDARD BOOK NUMBER
ISBN 9789380604039
082 ## - DEWEY DECIMAL CLASSIFICATION NUMBER
Classification number 631.587
Item number ISR/IR
100 ## - MAIN ENTRY--AUTHOR NAME
Personal name Israelsen, Orson W
245 ## - TITLE STATEMENT
Title Irrigation principles and practices
250 ## - EDITION STATEMENT
Edition statement 2nd
260 ## - PUBLICATION, DISTRIBUTION, ETC. (IMPRINT)
Place of publication Jodhpur
Name of publisher Axis Books (India)
Year of publication 2012
942 ## - ADDED ENTRY ELEMENTS (KOHA)
Koha item type Books
Holdings
Withdrawn status Lost status Damaged status Collection code Home library Current library Shelving location Date acquired Source of acquisition Cost, normal purchase price Full call number Accession Number Koha item type
      Non-fiction KAUAET KAUAET General Stacks 30/03/2013 Neoti Book Agency 1200.00 631.587 ISR/IR 23848 Books
      Non-fiction KAUAET KAUAET General Stacks 30/03/2013 Neoti Book Agency 1200.00 631.587 ISR/IR 23849 Books
free website counter